[Event "Kerkinitida 2021"]
[Site "Yevpatoria"]
[Date "2021.10.19"]
[Round "1.1"]
[White "Brusilovskiy, Boris"]
[Black "Kryakvin, Dmitry"]
[Result "0-1"]
[WhiteElo "2067"]
[BlackElo "2570"]
[Annotator "TA"]
[PlyCount "80"]
[EventDate "2021.10.19"]
[EventType "swiss"]
[SourceTitle "playchess.com"]
[Source "ChessBase"]
[SourceQuality "1"]

{[%evp 14,80,-1,-5,32,7,15,14,12,12,54,56,47,15,21,18,46,43,60,53,63,59,50,38,159,164,157,157,156,62,62,51,67,58,52,30,24,0,5,-10,-8,-4,-3,-10,-12,-77,-71,-66,-46,-88,-89,-88,-91,-106,-108,-115,-92,-70,-85,-218,-227,-362,-362,-368,-362,-362,-355,-354,-298]} 1. e4 c5 2. d4 cxd4 3. c3 Nf6 4. e5 Nd5 5. cxd4 d6 6. Nf3 Nc6 7. Be2 dxe5 8. dxe5 Ndb4 $5 {[%mdl 4] Exploring less charted territory. B22: Sicilian: 2 c3.} (8... g6 {keeps more tension.} 9. O-O Bg7 10. Qb3 O-O 11. Rd1 Be6) 9. Qxd8+ (9. O-O {with more complications.} Bf5 10. Qb3 a6 11. Rd1 Qc7 12. Na3) 9... Nxd8 10. Na3 Ndc6 {The position is equal.} 11. O-O {[#]} Be6 $146 ({Predecessor:} 11... Bf5 12. Rd1 a6 13. Bf4 e6 14. Nc4 Nd5 15. Bg3 Rd8 16. Rac1 h6 17. a3 Be7 {1-0 (63) Bobadilla Viera,J (2326)-Mischuk,D (2461) Chess.com INT 2016}) 12. Nb5 Rc8 {White should prevent ...Nc2.} 13. Bf4 g6 14. Nbd4 Bg7 15. Nxe6 fxe6 16. Ng5 Bxe5 17. Bxe5 Nxe5 18. Bb5+ Kf8 (18... Nbc6 $14) 19. f4 $16 ({But not} 19. Nxe6+ $6 Kf7 $14) 19... Nec6 20. Nxe6+ Kf7 21. Ng5+ (21. Rae1 $16) 21... Kf6 $14 22. Rad1 Rcd8 23. a3 Nd4 24. Ne4+ (24. axb4 {is more complex.} Nxb5 25. Nxh7+ Kf5 26. Rxd8 Rxd8 27. Re1) 24... Kg7 25. Nc5 Nbc2 {Threatens to win with ...Rc8.} 26. Nxb7 Rb8 27. Ba6 Rhc8 $36 {[%mdl 2048] White must now prevent ...Rc6. Black has some pressure.} 28. b4 Rc3 29. Nc5 (29. a4 $11) 29... Rxa3 $17 30. Bd3 Nxb4 {...Rc8 is the strong threat.} 31. Bb1 Ne2+ 32. Kh1 Re3 33. f5 Nc3 34. Rd7 Nxb1 35. f6+ {[%mdl 64] Double Attack} Kh6 {aiming for ...Nc3.} 36. Rxb1 {[#]} (36. Rxe7 $17 Nd5 37. Rxe3 Nxe3 38. Re1) 36... Nd3 $1 $19 {[%cal Rb8b1][%mdl 512]} 37. Ra1 (37. Rdb7 $142 Rxb7 38. Nxb7) 37... Nxc5 {Black is winning.} 38. Rxe7 Rxe7 39. fxe7 Kg7 40. h3 Re8 {Quite a comeback for Black.  Weighted Error Value: White=0.23/Black=0.14} 0-1

[Event "Kerkinitida 2021"]
[Site "Yevpatoria"]
[Date "2021.10.19"]
[Round "1.2"]
[White "Demidov, Mikhail"]
[Black "Tihonov, Gennady"]
[Result "1-0"]
[WhiteElo "2551"]
[BlackElo "1827"]
[Annotator "TA"]
[PlyCount "83"]
[EventDate "2021.10.19"]
[EventType "swiss"]
[SourceTitle "playchess.com"]
[Source "ChessBase"]
[SourceQuality "1"]

{[%evp 12,83,40,36,51,37,56,56,66,33,86,92,106,106,124,89,120,127,140,133,144,143,144,139,138,145,154,137,141,146,143,144,134,139,133,130,117,124,112,100,147,143,239,241,248,181,186,186,197,190,322,325,321,326,292,298,531,544,613,607,647,638,628,550,578,401,694,670,608,558,534,379,2687,2606]} 1. Nf3 d5 2. g3 Nf6 3. Bg2 e6 4. c4 dxc4 5. Qa4+ Bd7 6. Qxc4 Bc6 7. O-O Be7 {A13: English Opening: 1...e6.} 8. Nc3 {8.Nc3 scores better than 8.d3.} Nbd7 9. e4 O-O {White is slightly better.} 10. Re1 Nb6 (10... Rb8 $14) 11. Qe2 $16 {[#]} Bc5 $146 ({Predecessor:} 11... Bb4 12. d3 Na4 13. Qc2 Qe8 14. Ne5 Nxc3 15. bxc3 Ba4 16. Qb2 Ba5 17. Nc4 Bb6 {½-½ (37) Vaganian,R (2565)-Taimanov,M (2500) Moscow 1981}) 12. d4 Bb4 13. Qc2 a5 14. a3 Be7 15. Bf4 Nh5 16. Be3 Nc4 17. Bc1 Nb6 18. h4 Nf6 19. Bg5 h6 20. Bf4 Nh5 21. Be3 Nc4 22. Bc1 Nf6 23. Qd3 Nb6 24. Bf4 Na4 25. Qc2 Nb6 26. Rad1 Qc8 (26... Be8 $16 27. Ne5 a4) 27. d5 $18 Bd7 28. dxe6 Bxe6 29. Nb5 Ne8 {[#]} 30. Nbd4 $1 ({Don't do} 30. Nxc7 $6 Nxc7 31. Bxc7 (31. Qxc7 Qxc7 32. Bxc7 Nc4 $16) 31... Bd8 $16) 30... a4 (30... Bg4 {keeps fighting.} 31. Rc1 Bd8) 31. Nxe6 Qxe6 32. Nd4 Qc4 33. Qb1 Qc5 $2 (33... Nf6 34. Rc1 Qxd4) 34. Nf5 Bd8 35. e5 c6 36. Be3 Qa5 37. Qc1 Nd5 38. Bxh6 Qc7 {[#]} (38... Ne7 $142 39. Bd2 Qb6) 39. Rd4 $1 {Threatens to win with Bxg7!} Ne7 {[#]} (39... Qd7 40. Bh3) 40. Nxg7 {[%mdl 512]} Nxg7 41. Bxg7 ({Wrong is} 41. Qg5 $2 Nef5 $19) 41... Nf5 (41... Kxg7 42. Rg4+ Ng6) 42. Bf6 {Black did not feel at home in the position after the opening.  Weighted Error Value: White=0.18/Black=0.35} 1-0

[Event "Kerkinitida 2021"]
[Site "Yevpatoria"]
[Date "2021.10.19"]
[Round "1.3"]
[White "Polukhin, Sergey"]
[Black "Triapishko, Alexandr"]
[Result "0-1"]
[WhiteElo "1410"]
[BlackElo "2506"]
[Annotator "TA"]
[PlyCount "64"]
[EventDate "2021.10.19"]
[EventType "swiss"]
[SourceTitle "playchess.com"]
[Source "ChessBase"]
[SourceQuality "1"]

{[%evp 12,64,16,-4,-4,-9,2,-52,-57,-57,-49,-52,-54,-70,-52,-68,-59,-97,-87,-91,-83,-95,-89,-142,-126,-137,-129,-145,-97,-93,-84,-160,-175,-174,-179,-197,-143,-170,-152,-272,-249,-357,-361,-384,-400,-394,-378,-595,-474,-484,-485,-851,-616,-708,-684]} 1. e4 e5 2. Nf3 Nc6 3. Bb5 a6 4. Ba4 g6 5. O-O Bg7 6. d3 Nge7 7. Nc3 O-O {C70: Ruy Lopez: 3...a6 4 Ba4, Norwegian and Delayed Schliemann.} 8. Bb3 Na5 9. Bd2 (9. Be3 $11) 9... Nxb3 $15 {Black is slightly better.} 10. axb3 {[#]} d6 $146 ({Predecessor:} 10... Kh8 11. Qe2 d6 12. h3 f5 13. Bg5 Qe8 14. Bxe7 Qxe7 15. Nd5 Qd8 16. Rfd1 f4 {0-1 (43) Pogorelov,B-Titievskaya,E (1774) St Petersburg 2016}) 11. h3 f5 12. exf5 gxf5 13. Bg5 {next Nd5! is good for White.} h6 14. Bh4 {Black should prevent Nd5!} Qd7 15. Bxe7 Qxe7 16. Nh2 Bd7 17. Rb1 (17. f4 $142) 17... Rae8 18. Nd5 Qf7 19. c4 Be6 20. Nc3 c6 21. Ne2 (21. f4 $142) 21... d5 22. Qd2 f4 23. Kh1 Kh7 ({Black should play} 23... Rd8 $19 {[%cal Rd5c4]} 24. Qa5 Qg6) 24. Rg1 e4 25. cxd5 (25. dxe4 $17 dxe4 26. Nc3) 25... cxd5 26. d4 (26. dxe4 {might work better.} dxe4 27. Rbc1) 26... f3 $19 27. gxf3 exf3 28. Ng3 Bxh3 29. Qd3+ (29. Rge1 $142) 29... Qg6 {Black is clearly winning.} 30. Qxg6+ Kxg6 31. Nhf1 (31. Rbd1 $142) 31... Bg2+ 32. Kh2 Rf4 {[%cal Rf4h4] Weighted Error Value: White=0.51/Black=0.21} 0-1

[Event "Kerkinitida 2021"]
[Site "Yevpatoria"]
[Date "2021.10.19"]
[Round "1.4"]
[White "Truskavetsky, Alexandr"]
[Black "Iljin, Viktor"]
[Result "1-0"]
[WhiteElo "2371"]
[BlackElo "1066"]
[Annotator "TA"]
[PlyCount "39"]
[EventDate "2021.10.19"]
[EventType "swiss"]
[SourceTitle "playchess.com"]
[Source "ChessBase"]
[SourceQuality "1"]

{[%evp 9,38,40,37,35,78,77,138,139,160,159,601,504,584,405,559,555,667,654,657,646,661,658,800,783,786,784,913,918,1146,937,29999]} 1. d4 d6 2. e4 Nd7 3. Nf3 g6 4. Nc3 Bg7 5. Be3 Ngf6 6. h3 {B08: Pirc Defence: Classical System.} a6 7. e5 dxe5 ({Better is} 7... Ng8) 8. dxe5 $16 {White is clearly better.} Ng8 9. e6 {[#]} Ne5 $146 {[#]} (9... fxe6 $16 10. Ng5 Ne5) ({Predecessor:} 9... fxe6 10. Ng5 Ndf6 11. Qxd8+ Kxd8 12. Nf7+ Ke8 13. Nxh8 Bxh8 14. O-O-O Nh6 15. Bxh6 c6 16. g4 Nd5 17. Ne4 Be5 18. Bg2 Nf4 19. Bf3 b6 20. Nd6+ Kd7 21. Nc4+ {1-0 (21) Fourtounis,G (1969)-Katsalis,P (1180) Fyli 2011}) 10. Qxd8+ $18 Kxd8 11. Nxe5 Bxe5 12. exf7 Bxc3+ 13. bxc3 {[#] 0-0-0+ would kill now.} Nf6 {Black hopes to continue with ...Be6.} 14. Bh6 Be6 15. O-O-O+ Kc8 16. f8=Q+ Rxf8 17. Bxf8 Nd7 18. Bxe7 Bxa2 19. c4 Nb8 20. Rd8# {Black got outplayed after the opening.  Weighted Error Value: White=0.26/Black=1.63} 1-0

[Event "Kerkinitida 2021"]
[Site "Yevpatoria"]
[Date "2021.10.19"]
[Round "1.5"]
[White "Grinivetskii, Mark"]
[Black "Chos, Alexey"]
[Result "0-1"]
[WhiteElo "1350"]
[BlackElo "2296"]
[Annotator "TA"]
[PlyCount "128"]
[EventDate "2021.10.19"]
[EventType "swiss"]
[SourceTitle "playchess.com"]
[Source "ChessBase"]
[SourceQuality "1"]

{[%evp 15,128,0,20,-35,-42,-42,-32,-48,-39,-38,-45,-56,-6,-6,-14,-12,-12,-22,-14,-12,-12,-12,-12,-10,-13,-64,12,-182,-181,-219,-217,-208,-198,-224,-203,-206,-214,-282,-269,-296,-298,-333,-325,-344,-307,-307,-307,-467,-397,-375,-364,-441,-429,-426,-436,-380,-367,-389,-389,-400,-389,-423,-262,-412,-406,-581,-533,-614,-725,-733,-715,-739,-670,-583,-579,-579,-536,-536,0,-435,-435,-2852,-1975,-5610,-5545,-5218,-4776,-2863,-2511,-2699,-2549,-1290,-2130,-2395,-2177,-12847,-5635,-4685,-3105,-29938,-10093,-29981,-29982,-29980,-29979,-29976,-29977,-29985,-29986,-29986,-29987,-29991,-29989,-29989,-29990]} 1. e4 c5 2. Nf3 d6 3. d4 cxd4 4. Nxd4 Nf6 5. Nc3 a6 6. Be2 Nbd7 7. O-O e6 8. Bg5 {8.a4 is setting a new trend.} Qc7 {is the legacy move (8...Be7).} 9. Nf3 {B84: Sicilian Scheveningen: 6 Be2 a6, lines without early Be3.} (9. a4 $11) 9... b5 $15 {[#]} 10. a3 $146 ({Predecessor:} 10. Bd3 Bb7 11. Bxf6 Nxf6 12. Re1 b4 13. Nb1 Rc8 14. Nbd2 Be7 15. Rc1 Qb8 16. Qe2 Qa8 17. Nd4 Qa7 {½-½ (17) Quevedo,A-Giraldo,G (1624) Bento Goncalves 2010}) 10... Bb7 11. Bd3 {Black is slightly better.} Be7 12. Re1 h6 13. Bf4 e5 14. Bd2 Nc5 15. b4 Nxd3 16. cxd3 O-O 17. Rc1 Qd7 18. d4 Qe6 19. d5 Qd7 20. Nh4 {[#]} (20. Be3 $11) 20... Nxd5 21. exd5 $2 {Black continues to play with concentration.} (21. Nf5 $11 Nf6 22. Qf3) 21... Bxh4 $19 22. Re4 Be7 23. Rg4 {Black should prevent Bxh6.} f5 24. Rg6 Rf6 25. Rxf6 Bxf6 ({Not} 25... gxf6 26. Qh5 $11) 26. Qh5 Rc8 27. Qg6 Rc4 28. h3 e4 29. Qg3 Be5 30. Bf4 Qe7 31. Qe3 (31. Bxe5 $142 Qxe5 32. Qxe5 dxe5 33. d6) 31... Bxf4 32. Qxf4 Qg5 33. Qe3 Qxe3 34. fxe3 {[#]} Bxd5 $1 {[%mdl 4608] Endgame KRB-KRN} 35. Kf2 (35. h4 Bf7) 35... Bc6 36. Ne2 Rxc1 37. Nxc1 {KB-KN} Kf7 38. Nb3 Kf6 39. Nd4 (39. h4 $142) 39... Bd7 40. Kg3 (40. Ke1 $142) 40... g5 41. h4 Ke5 42. hxg5 hxg5 43. Kf2 f4 44. g3 f3 45. Nb3 Kd5 46. Na5 Ke5 47. Nb3 Be6 48. Nd2 (48. Na5 $142 Bd5 49. g4) 48... Ba2 49. Ke1 d5 50. Kf2 d4 51. Nf1 Bb3 52. Nd2 Bc2 53. Nf1 Bd3 {( -> ...Bxf1)} 54. Nd2 Kd5 55. Nb3 dxe3+ 56. Kxe3 Kc4 57. Nc5 a5 {[%cal Ba6a5,Ba5a4][%mdl 32]} 58. Na6 a4 {Black mates.} 59. Nc5 Kc3 60. Ne6 g4 61. Nc5 f2 62. Kxf2 Kd2 63. Nxd3 exd3 64. Kf1 Kc2 {Weighted Error Value: White=0.42/Black=0.17} 0-1

[Event "Kerkinitida 2021"]
[Site "Yevpatoria"]
[Date "2021.10.19"]
[Round "1.6"]
[White "Tomilova, Elena"]
[Black "Cherunov, Svyatoslav"]
[Result "1-0"]
[WhiteElo "2256"]
[BlackElo "1240"]
[Annotator "RC"]
[PlyCount "55"]
[EventDate "2021.10.19"]
[EventType "swiss"]
[SourceTitle "playchess.com"]
[Source "ChessBase"]
[SourceQuality "1"]
[TimeControl "5400+30"]

1. c4 {[%emt 0:00:02]} Nf6 {[%emt 0:00:12]} 2. Nf3 {[%emt 0:00:07]} Nc6 {[%emt 0:00:13]} 3. d4 {[%emt 0:00:25]} d5 {[%emt 0:00:09]} 4. cxd5 {[%emt 0:00:23]} Nxd5 {[%emt 0:00:22]} 5. e4 {[%emt 0:00:27]} Nf6 {[%emt 0:00:33]} 6. Nc3 {[%emt 0:00:19]} e6 {[%emt 0:00:15]} 7. Bd3 {[%emt 0:02:19]} a6 {[%emt 0:00:50]} 8. O-O {[%emt 0:00:17]} Be7 {[%emt 0:00:26]} 9. Re1 {[%emt 0:02:28]} O-O {[%emt 0:00:22]} 10. e5 {[%emt 0:00:23]} Nd5 {[%emt 0:01:18]} 11. a3 {[%emt 0:00:16]} f6 {[%emt 0:01:33]} 12. exf6 {[%emt 0:06:53]} Nxf6 {[%emt 0:02:50]} 13. Bc2 {[%emt 0:02:19]} h6 {[%emt 0:00:43]} 14. Qd3 {[%emt 0:00:37]} Qe8 {[%emt 0:09:51]} 15. d5 {[%emt 0:00:44]} Nd8 {[%emt 0:06:28]} 16. Bb3 {[%emt 0:01:02]} Bd6 {[%emt 0:02:09]} 17. dxe6 {[%emt 0:02:30]} Kh8 {[%emt 0:11:09]} 18. e7 {[%emt 0:01:00]} Bxe7 {[%emt 0:01:34]} 19. Nh4 {[%emt 0:00:16]} Nc6 {[%emt 0:07:49]} 20. Ng6+ {[%emt 0:00:27]} Qxg6 {[%emt 0:06:03]} 21. Qxg6 {[%emt 0:00:11]} Bc5 {[%emt 0:01:14]} 22. Be3 {[%emt 0:03:40]} Nd4 {[%emt 0:01:26]} 23. Bxd4 {[%emt 0:00:33]} Bxd4 {[%emt 0:00:15]} 24. Bc2 {[%emt 0:00:29]} Bg4 {[%emt 0:03:36]} 25. Re7 {[%emt 0:00:43]} Rg8 {[%emt 0:04:10]} 26. Nd5 {[%emt 0:00:55]} Bh5 {[%emt 0:01:56]} 27. Qd3 {[%emt 0:00:11]} Rge8 {[%emt 0:01:44]} 28. Nxf6 {[%emt 0:00:24]} 1-0

[Event "Kerkinitida 2021"]
[Site "Yevpatoria"]
[Date "2021.10.19"]
[Round "1.7"]
[White "Aryslanov, Leonidas"]
[Black "Polukhin, Alexander"]
[Result "0-1"]
[WhiteElo "1121"]
[BlackElo "2152"]
[Annotator "TA"]
[PlyCount "80"]
[EventDate "2021.10.19"]
[EventType "swiss"]
[SourceTitle "playchess.com"]
[Source "ChessBase"]
[SourceQuality "1"]

{[%evp 9,79,-21,-16,-29,-7,-16,-8,-115,-102,-97,-85,-70,-61,-59,-64,-72,-63,-80,-21,-120,-49,-547,-545,-526,-526,-533,-533,-556,-549,-532,-497,-527,-539,-535,-526,-493,-474,-1078,-1079,-1438,-1354,-1875,-1870,-1513,-1082,-1052,-1048,-1517,-1500,-29985,-29986,-29988,-29989,-29989,-29990,-29990,-29989,-29989,-29989,-29988,-29989,-29989,-29990,-29992,-29992,-29994,-29995,-29995,-29995,-29996,-29996,-29999]} 1. e4 e6 2. d4 d5 3. exd5 exd5 4. Qe2+ Be7 5. Bg5 Nc6 6. Nf3 {[#] C01: French: Exchange Variation.} h6 $146 ({Predecessor:} 6... Bg4 7. c3 f6 8. Bf4 Qd7 9. h3 Bf5 10. Nbd2 O-O-O 11. g4 Bg6 12. Bg2 Re8 {1-0 (54) Herter,A (1342)-Maric,A (1314) Magdeburg 2017}) 7. Bxe7 Ngxe7 8. c4 (8. Nc3 $11) 8... O-O {Threatens to win with ...Re8.} 9. Nc3 Re8 10. O-O-O Bf5 11. Qd2 a6 12. cxd5 Nxd5 13. Bc4 Ndb4 (13... Nb6 $17 14. Qf4 Nxc4 15. Qxf5 Qd6) 14. a3 {[#]} (14. Qf4 $1 $11 Qf6 15. a3) 14... Na5 $1 15. b3 {[%mdl 8192] Loses the game.} ({Only move:} 15. Qf4 $15 Qf6 16. d5) 15... Nxc4 16. bxc4 Nd3+ 17. Kb1 {and the idea Qc2 leaves White hopeful.} Nxf2+ {[%mdl 64] Double Attack} 18. Ka1 Nxh1 19. Rxh1 Qe7 20. c5 Rad8 21. Re1 Qd7 22. Rxe8+ Rxe8 23. Ne5 {[#]} (23. d5 $142) 23... Rxe5 $1 $19 {[%mdl 64] Pin} 24. Qf4 (24. Qf2 Re8) 24... Re1+ 25. Ka2 Qe6+ 26. d5 Qe5 27. Qxe5 Rxe5 28. d6 Rxc5 29. dxc7 Rxc3 {Black mates.} 30. c8=Q+ Rxc8 31. Kb3 Be6+ 32. Kb4 b6 33. a4 Rc4+ 34. Kb3 b5 35. axb5 axb5 {[%cal Ba6b5,Bb5b4][%mdl 32]} 36. Ka3 b4+ 37. Ka2 Rc2+ {[%mdl 64] Discovered Attack (Double check)} 38. Ka1 b3 39. Kb1 Bf5 40. Ka1 Ra2# {Weighted Error Value: White=1.07/Black=0.17} 0-1

[Event "Kerkinitida 2021"]
[Site "Yevpatoria"]
[Date "2021.10.19"]
[Round "1.8"]
[White "Baranov, Jury"]
[Black "Samson, Anna Rao. T"]
[Result "1-0"]
[WhiteElo "2147"]
[BlackElo "1573"]
[Annotator "TA"]
[PlyCount "91"]
[EventDate "2021.10.19"]
[EventType "swiss"]
[SourceTitle "playchess.com"]
[Source "ChessBase"]
[SourceQuality "1"]

{[%evp 9,90,215,360,350,353,349,391,405,410,412,416,396,404,389,400,397,481,477,472,486,478,445,515,506,515,517,525,523,555,540,763,759,789,783,756,773,764,758,5346,5505,5497,5497,2806,1909,29980,29981,29981,29982,29982,29983,29982,12849,29985,29986,29985,29986,29986,29987,29987,29988,29988,29985,29989,29990,29990,29990,29991,29992,29992,29993,29993,29994,29995,29995,29995,29996,29996,29997,29997,29998,29998,29999,29999]} 1. d4 d5 2. c4 dxc4 3. Nf3 Nc6 4. d5 Nb4 5. Qa4+ Bd7 (5... c6 $142) 6. Qxb4 $18 {[%mdl 64] [#] Double Attack. D21: Queen's Gambit Accepted: 3 Nf3 sidelines.} e6 7. Qxc4 exd5 8. Qxd5 {[#] White is winning.} Bc6 $146 ({Predecessor:} 8... Bb4+ 9. Bd2 Bxd2+ 10. Nbxd2 Rb8 11. Ng5 Be6 12. Qxd8+ Rxd8 13. Nxe6 fxe6 14. e3 Nf6 {1-0 (66) Miranowska,A (1089)-Kaminska,M Poland 2016}) 9. Qxd8+ Rxd8 10. Nc3 Nf6 11. Bg5 Be7 12. Ne5 h6 13. Nxc6 bxc6 14. Bd2 O-O 15. e4 Rd7 16. Be2 Rfd8 17. O-O-O Bb4 18. f3 a5 19. a3 Bxc3 20. Bxc3 a4 21. Bxf6 gxf6 22. Rxd7 Rxd7 23. Rd1 Rxd1+ 24. Bxd1 {[%mdl 4096] Endgame KB-KP} Kg7 25. Bxa4 c5 26. Bd7 h5 27. a4 {[%cal Ba3a4,Ba4a5][%mdl 32]} Kf8 28. a5 Ke7 29. Bb5 Kd8 30. Bc4 (30. h4 $142 c6 31. Bc4 Kd7 32. g4 hxg4 33. fxg4 Kd6 34. h5 f5 35. h6) 30... Kc8 31. h4 {White mates.} Kb7 32. Kc2 c6 33. Kb3 Ka7 34. Bxf7 Ka6 35. Ka4 c4 36. Bxc4+ {KB-K3P} Kb7 37. Kb4 Ka7 38. Kc5 Kb7 39. a6+ Ka7 40. Kxc6 f5 41. exf5 Kb8 42. f6 Ka7 43. f7 Kb8 44. Kb6 {[%cal Rf7f8]} Kc8 45. Be6+ Kd8 46. f8=Q# {Weighted Error Value: White=0.07/Black=0.41} 1-0

[Event "Kerkinitida 2021"]
[Site "Yevpatoria"]
[Date "2021.10.20"]
[Round "2.1"]
[White "Kryakvin, Dmitry"]
[Black "Tomilova, Elena"]
[Result "1/2-1/2"]
[WhiteElo "2570"]
[BlackElo "2256"]
[Annotator "TA"]
[PlyCount "28"]
[EventDate "2021.10.19"]
[EventType "swiss"]
[SourceTitle "playchess.com"]
[Source "ChessBase"]
[SourceQuality "1"]

{[%evp 9,28,35,42,0,0,0,0,0,0,-14,0,0,0,-1,0,0,0,-5,0,0,0]} 1. d4 f5 2. c4 Nf6 3. Nc3 g6 4. h4 d6 5. h5 Nxh5 {[#]} 6. Rxh5 $1 {A85: Dutch Defence: 2 c4 Nf6 3 Nc3.} gxh5 {The position is equal.} 7. e4 fxe4 {And now ...Bg4 would win.} 8. Qxh5+ Kd7 {[#]} 9. Qf5+ $146 (9. Nxe4 Qe8 $17) ({Predecessor:} 9. Be2 c6 10. Nxe4 Kc7 11. Nf3 Bg7 12. c5 b5 13. Bf4 Bf8 14. Qf7 Qd7 15. Ne5 Qe6 16. Nxd6 Qxf7 17. Ndxf7 Rg8 18. Nxc6+ Kxc6 19. Bf3+ Kd7 20. Ne5+ Ke6 21. Bxa8 {1-0 (47) Dreev,A (2667)-Bartel,M (2641) Dubai 2014}) 9... Ke8 10. Qh5+ Kd7 11. Qf5+ ({Much weaker is} 11. Nxe4 Qe8 $17) 11... Ke8 12. Qh5+ Kd7 13. Qf5+ ({Reject} 13. Nxe4 Qe8 $17) 13... Ke8 14. Qh5+ Kd7 {Not much happened in this game.  Weighted Error Value: White=0.10/Black=0.04} 1/2-1/2

[Event "Kerkinitida 2021"]
[Site "Yevpatoria"]
[Date "2021.10.20"]
[Round "2.2"]
[White "Chos, Alexey"]
[Black "Demidov, Mikhail"]
[Result "1-0"]
[WhiteElo "2296"]
[BlackElo "2551"]
[Annotator "TA"]
[PlyCount "147"]
[EventDate "2021.10.19"]
[EventType "swiss"]
[SourceTitle "playchess.com"]
[Source "ChessBase"]
[SourceQuality "1"]

{[%evp 11,147,41,32,18,24,0,0,-12,-4,-15,46,48,80,75,77,75,75,71,81,49,98,96,97,106,129,147,190,179,181,183,190,192,179,161,284,283,197,210,311,244,260,221,338,316,324,272,316,314,312,311,309,308,303,308,301,300,300,286,286,271,242,175,191,141,166,164,208,190,215,167,338,347,333,275,377,345,387,382,381,371,534,337,337,311,311,276,29994,290,311,311,312,311,311,219,219,219,219,219,219,219,207,181,149,0,0,0,0,0,0,0,0,0,0,0,0,0,0,0,0,0,0,0,0,0,0,0,0,0,254,226,287,284,12837,12838,12838,12839,12839,12839]} 1. e4 g6 2. d4 Bg7 3. c4 Nc6 4. d5 Nd4 5. Ne2 c5 6. Nxd4 cxd4 7. Be2 {A40: Unusual replies to 1 d4.} e5 {[#]} 8. f4 $146 ({Predecessor:} 8. O-O d6 9. Qd3 f5 10. exf5 Bxf5 11. Qb3 b6 12. Nd2 Nf6 13. f3 O-O 14. Bd3 Rc8 {0-1 (45) Gu,X (2244)-Akshat,K (2414) Queenstown 2012}) 8... d6 9. O-O {The position is equal.} Nf6 10. fxe5 dxe5 (10... Nxe4 $11 11. exd6 (11. Qxd4 Bf5 $15) 11... O-O) 11. Bg5 $14 h6 12. Bxf6 Bxf6 13. c5 O-O 14. Nd2 Bg5 15. Nc4 Qc7 16. b4 {[%cal Bb2b4,Bb4b5][%mdl 32]} b6 17. c6 Ba6 18. Nb2 Bc8 19. b5 Be7 20. Nc4 a6 21. a4 Bc5 22. Kh1 a5 (22... Kg7 $142 23. a5 axb5 24. Nxb6 {[%mdl 64] Discovered Attack} Rb8) 23. Qe1 f6 24. Qg3 Qg7 (24... Kh7 $142 25. Bd3 Ra7) 25. d6 Be6 26. d7 Ra7 (26... Kh7 $142 27. Qh4 Rad8) 27. Rac1 $18 (27. Nxe5 Bd6 $11) 27... h5 28. Nd2 ({Don't play} 28. Nxe5 Bd6 $18) 28... Kh7 29. Bc4 Bxd7 30. cxd7 Rxd7 31. Nb3 Bb4 32. Be6 Rd6 33. Rc6 Qe7 34. Bd5 Kh6 35. h3 f5 36. Rxd6 Qxd6 37. Nc1 f4 38. Qb3 Qe7 39. Qc2 g5 40. Qc6+ Bd6 $2 (40... Rf6 {might work better.} 41. Qc8 Rf8) 41. Nd3 g4 42. Nf2 d3 43. hxg4 d2 44. g5+ {[%mdl 64] Decoy} Kxg5 45. Nh3+ Kh4 (45... Kh6 {keeps fighting.} 46. Qxb6 Rc8) 46. Qc3 Bb4 47. Qf3 {Qf2+ would kill now.} Qc5 48. Bb3 {Intending Bd1 and mate.} ({Weaker is} 48. Rg1 Qc3 $18) 48... Qe3 $2 (48... Qc3 $18 49. Ng1 Kg5 50. Qxc3 Bxc3 51. Nf3+ Kf6) 49. Ng1 $2 (49. g3+ {mates} fxg3 50. Qxe3 Rg8 51. Bxg8 d1=Q 52. Qg5+ {[%mdl 64] Double Attack} Kxh3 53. Be6+ Qg4 54. Qxh5# {[%mdl 64] Pin}) 49... Kg5 {[#]} 50. Qxe3 $1 fxe3 51. Rxf8 Bxf8 52. Ne2 h4 53. Kg1 Bc5 54. Kf1 Bb4 55. Bd1 Bc5 56. Ng1 Kf4 {[#]} 57. Nf3 (57. Bc2 $1 $16) 57... Be7 $1 $11 58. Bc2 h3 $1 {[%cal Rh3g2] Hoping for ...hxg2+.} 59. Bd1 $1 hxg2+ ({Wrong is} 59... Kxe4 $2 60. gxh3 Kd5 61. Ke2 $18) 60. Kxg2 Kxe4 61. Kg3 e2 (61... Bd6 {keeps more tension.} 62. Be2 Kd5 63. Kg4 Ba3 64. Nh4 e4) 62. Bxe2 {Threatens to win with Kf2.} Ke3 63. Bd1 e4 64. Ng1 Bd6+ 65. Kg2 $1 Be5 66. Kf1 Bf6 67. Bc2 Be5 68. Nh3 Bf6 69. Nf2 {aiming for Ng4+.} Bh4 $2 {[%mdl 8192]} (69... Bd8 $11) 70. Nd1+ $18 Kf3 71. Nc3 Bf6 $2 (71... Bd8 72. Bxe4+ Ke3) 72. Bd1+ {White is clearly winning.} Kf4 73. Nd5+ {[%mdl 64] Double Attack} Ke5 74. Nxf6 {Weighted Error Value: White=0.26/Black=0.35} 1-0